| 000 | 00955cab a2200241 4500 | ||
|---|---|---|---|
| 001 | ABS56429 | ||
| 008 | 090401t1997 xxu||||| |||| 00| 0 eng d | ||
| 035 | _a(Sirsi) u23534 | ||
| 041 | _aeng | ||
| 100 | _aGander, A. | ||
| 245 | _aGuaranteed maximum price contracts | ||
| 260 | _c1997 | ||
| 350 | _a0 | ||
| 490 |
_aCSM (Chartered Surveyor Monthly) _v6(4) January 1997, 38-39(2) |
||
| 520 | _aExplains how increasing requirement from clients to enter into a fixed lump sum type of contract has led to more guaranteed maximum price contracts. Examines the benefits and disadvantages of such an approach, and the issues to bear in mind to make GMP contracts work more efficiently. | ||
| 650 | _aBUILT ENVIRONMENT-BUILDING CONTRACT FORMS | ||
| 650 | _aFIXED PRICE CONTRACTS | ||
| 650 | _aGUARANTEED MAXIMUM PRICE CONTRACTS | ||
| 690 | _aBUILT ENVIRONMENT-BUILDING CONTRACT FORMS | ||
| 700 | _aHemsley, A. | ||
| 942 | _n0 | ||
| 948 | _c04/03/1997 | ||
| 999 |
_c15730 _d15730 |
||